000 00721nam a2200289Ia 4500
005 20260324122855.0
008 008 260324s9999 xx 000 0 eng d
020 _a9780429107283
037 _aEBOOK
040 _aCRL
040 _beng
040 _cCRL
041 _2eng
041 _aeng
084 _qCRL
100 _aWaldemar Karwowski; Magdalena Fafrowicz; Tadeusz Marek; Dylan Schmorrow
_91168154
245 0 _aNeuroadaptive Systems
245 0 _bTheory and Applications
260 _bTaylor and Francis
260 _c2012
365 _a
365 _b340
856 _uhttp://www.taylorfrancis.com/books/9780429107283
942 _cEBOOK
999 _c1761203
_d1761203